000 00499nam a2200181Ia 4500
008 240925s9999 xx 000 0 und d
020 _a9780470666210
082 _a658.4013 BAS
100 _aBasu, Ron
245 0 _aFit Sigma: a learn approach to building sustainable quality beyond six sigma
250 _aNA
260 _aNew Delhi:
_bJohn Wiley & Sons
_c,2011.
300 _a365p.
_bNA
_fOriginal
500 _aIncludes Index
600 _aManagement
650 _aManagement
942 _cBK
999 _c16671
_d16671